| 000 | 01106nam a22002657a 4500 | ||
|---|---|---|---|
| 001 | BD-DhSAU 7469 | ||
| 003 | BD-DhSAU | ||
| 005 | 20240320124150.0 | ||
| 008 | 150422b2006 bg ||||| m||m 00| 0 eng d | ||
| 040 | _aBD-DhSAU | ||
| 082 |
_222 _a630 _bD53 |
||
| 100 |
_aDEY, PUSPO CHANDRA _eRegistration No. # 15-06614 |
||
| 245 |
_aGrowth and yield of white maize as influenced by
earthing up practices and application
methods of nitrogen fertilizer /
_bMS thesis |
||
| 260 |
_aSher-e- Bangla Agricultural University: _bDepartment of Agronomy, _c2022. |
||
| 300 |
_ax, 71p.: _b30 cm. |
||
| 500 | _aMS thesis of Department of Agronomy, Faculty of Agriculture, Sher-e-Bangla Agricultural University, Dhaka, Bangladesh | ||
| 590 | _aNamul | ||
| 650 | _awhite maize as influenced | ||
| 651 | _aearthing up practices | ||
| 654 | _anitrogen fertilizer | ||
| 700 |
_aProf. Dr. Md. Jafar Ullah _eSuperviser |
||
| 700 |
_aProf. Dr. A.K.M. Ruhul Amin _eCo-Superviser |
||
| 856 | _uhttp://archive.saulibrary.edu.bd:8080/xmlui/handle/123456789/5115 | ||
| 942 |
_2ddc _cTHESIS |
||
| 999 |
_c17454 _d17453 |
||